Statistics for Altered Flags - Part 2

Click here to take the quiz!

General Stats

  • This quiz has been taken 53 times
  • The average score is 14 of 20

Answer Stats

QuestionAnswer% Correct
Unaltered
96%
Altered
94%
Altered
90%
Unaltered
90%
Unaltered
90%
Altered
86%
Altered
84%
Unaltered
82%
Altered
80%
Unaltered
80%
Altered
75%
Unaltered
71%
Unaltered
71%
Unaltered
69%
Altered
67%
Unaltered
59%
Altered
55%
Altered
47%
Altered
39%
Altered
18%

Score Distribution

Percentile by Number Answered

Percent of People with Each Score

Your Score History

You have not taken this quiz